Missing Word: White Album Quiz Stats

 Plays Quiz Updated Jul 3, 2016

Challenge
Share
Tweet
Embed
Score 0/26 Timer 04:00
1 Play Today
Song Missing Word % Correct
Helter _______Skelter
94.7%
____ In The U.S.S.R.Back
93.7%
While My ______ Gently WeepsGuitar
89.5%
Ob-La-Di, _____Ob-la-da
89%
Cry Baby ___Cry
83.8%
Martha __ DearMy
80.8%
____, Long, LongLong
78.2%
Happiness Is A ____ GunWarm
76.7%
Rocky _______Raccoon
74.8%
Don't ____ Me ByPass
74.5%
______ Nature's SonMother
72%
Dear ________Prudence
71.7%
Why Don't We Do It In The ____?Road
71.5%
Song Missing Word % Correct
_ WillI
68.3%
The Continuing _____ of Bungalow BillStory
68.2%
____ SadieSexy
63.5%
__________ #1Revolution
62.1%
__________ #9Revolution
62.1%
Honey ___Pie
61.3%
Glass _____Onion
57.8%
Everybody's Got Something To Hide Except Me And My ______Monkey
57.8%
Wild _____ PieHoney
56.8%
I'm So _____Tired
51.8%
Savoy _______Truffle
43.9%
___ BluesYer
41.6%
Good _____Night
38.5%

Today's Daily Dose

Word Ladder
Aquatic Life

On This Day
August 21st II

You're not logged in!

Compare scores with friends on all Sporcle quizzes.
Join for Free
OR
Log In

You Might Also Like...

Show Comments

Extras

Top Quizzes Today


Score Distribution

Your Account Isn't Verified!

In order to create a playlist on Sporcle, you need to verify the email address you used during registration. Go to your Sporcle Settings to finish the process.

Report this User

Report this user for behavior that violates our Community Guidelines.

Details: